Court of Appeal Civil Appeal No. 57 OF 2000 Inderjit Singh Vs Registrar of Titles (Record no. 3224)
[ view plain ]
| 000 -LEADER | |
|---|---|
| fixed length control field | 00952nam a22001577a 4500 |
| 008 - FIXED-LENGTH DATA ELEMENTS--GENERAL INFORMATION | |
| fixed length control field | 110617t xxu||||| |||| 00| 0 eng d |
| 010 ## - LIBRARY OF CONGRESS CONTROL NUMBER | |
| LC control number | CACAF58 |
| 245 ## - TITLE STATEMENT | |
| Title | Court of Appeal Civil Appeal No. 57 OF 2000 Inderjit Singh Vs Registrar of Titles |
| 260 ## - PUBLICATION, DISTRIBUTION, ETC. (IMPRINT) | |
| Date of publication, distribution, etc | 2000 |
| 500 ## - GENERAL NOTE | |
| General note | Coram: Hon. Lady Justice A.E.N. Mpagi-Bahigeine, J.A <br/> Hon. Mr. Justice A. Twinomujuni, J.A<br/> Hon. Justice G.M. Okello, J.A |
| 500 ## - GENERAL NOTE | |
| General note | Appeal from the Ruling of the High Court Ntabgoba P.J dated 7.6.2000 in Misc. Application No. 1473 of 1999 |
| Withdrawn status | Lost status | Source of classification or shelving scheme | Damaged status | Koha normalized classification for sorting | Not for loan | Location (home branch) | Sublocation or collection (holding branch) | Shelving location | Date acquired | Koha issues (times borrowed) | Koha full call number | Piece designation (barcode) | Koha date last seen | Price effective from | Koha item type |
|---|---|---|---|---|---|---|---|---|---|---|---|---|---|---|---|
| Dewey Decimal Classification | CACA_F_58 | Law Development Centre Main Library | Law Development Centre Main Library | Law Reports | 06/17/2011 | CACA F_58 | 57/2000/1 | 06/17/2011 | 06/17/2011 | Un Reported Cases | |||||
| Dewey Decimal Classification | CACA_F_58 | Law Development Centre Main Library | Law Development Centre Main Library | Law Reports | 06/17/2011 | CACA F_58 | 57/2000/2 | 06/17/2011 | 06/17/2011 | Un Reported Cases | |||||
| Dewey Decimal Classification | CACA_F_58 | Law Development Centre Main Library | Law Development Centre Main Library | Law Reports | 06/17/2011 | CACA F_58 | 57/2000/3 | 06/17/2011 | 06/17/2011 | Un Reported Cases |
